| 000 | 00584nam a2200193Ia 4500 | ||
|---|---|---|---|
| 003 | GCL | ||
| 008 | 140319s9999 xx 000 0 ara d | ||
| 040 |
_aGCL / _cGCL |
||
| 082 | 0 | 4 |
_a953.0738 _bع م |
| 100 | 1 | _aعارف تامر | |
| 245 | 1 | 0 |
_aالمعز لدين الله الفاطمى واضع اسس الوحدة العربية الكبرى / _cعارف تامر |
| 300 | _a244 | ||
| 490 |
_a100 قصة _v0 |
||
| 650 | 0 | 4 | _aتاريخ |
| 650 | 0 | 4 | _aالدولة الفاطمية |
| 650 | 0 | 4 | _aالمعز لدين الله |
| 650 | 0 | 4 | _aالفاطميون |
| 942 |
_2ddc _cBK |
||
| 999 |
_c43890 _d43890 |
||